Savarkar (Record no. 350717)

MARC details
000 -LEADER
fixed length control field 00480nam a2200169Ia 4500
008 - FIXED-LENGTH DATA ELEMENTS--GENERAL INFORMATION
fixed length control field 230718s9999 xx 000 0 und d
020 ## - INTERNATIONAL STANDARD BOOK NUMBER
International Standard Book Number 9780670090303
041 ## - LANGUAGE CODE
Language code of text/sound track or separate title eng
082 ## - DEWEY DECIMAL CLASSIFICATION NUMBER
Classification number 922.945
Item number SAM
100 ## - MAIN ENTRY--PERSONAL NAME
Personal name Sampath V.
9 (RLIN) 201877
245 ## - TITLE STATEMENT
Title Savarkar
Remainder of title Echoes From A Forgotten Past , 1883–1924
260 ## - PUBLICATION, DISTRIBUTION, ETC. (IMPRINT)
Date of publication, distribution, etc. 2019
Name of publisher, distributor, etc. Penguin Viking
300 ## - PHYSICAL DESCRIPTION
Extent 575
365 ## - TRADE PRICE
Currency code Rs.
Price amount 999.00
700 ## - ADDED ENTRY--PERSONAL NAME
Personal name Sampath V.
9 (RLIN) 201877
906 ## - LOCAL DATA ELEMENT F, LDF (RLIN)
d O:0681620-Dec-2019B:555502-Dec-2019
c GENRL
b 249.75
Holdings
Withdrawn status Lost status Source of classification or shelving scheme Damaged status Not for loan Home library Current library Date acquired Vendor Budget Code Cost, normal purchase price Bill number Total Checkouts Full call number Barcode Date last seen Date last checked out Discount Cost, replacement price Bill Date Koha item type Original Barcode
    Dewey Decimal Classification     Cummins College of Engineering for Women Pune Cummins College of Engineering for Women Pune 20/12/2019 Technical Book Services GENRL 749.25 5555 5 922.945 CCEP-BK-61924 14/05/2026 22/11/2024 249.75 999.00 02/12/2019 Books 061924
    Dewey Decimal Classification     Cummins College of Engineering for Women Pune Cummins College of Engineering for Women Pune 19/01/2026 149   749.25     922.945 SAM CCEP-BK-70179 19/01/2026     999.00 19/01/2026 Books